| 000 | 02232cam a2200373 a 4500 | ||
|---|---|---|---|
| 001 | 14319661 | ||
| 003 | ARRUPE | ||
| 005 | 20211015102431.0 | ||
| 008 | 060328s2007 enk b 001 0 eng | ||
| 010 | _a 2006045302 | ||
| 020 | _a9780195308969 (acidfree paper) | ||
| 020 | _a0195308964 (acidfree paper) | ||
| 035 | _a(OCoLC)ocm65644837 | ||
| 035 | _a(OCoLC)65644837 | ||
| 040 |
_aDLC _cDLC _dDLC |
||
| 042 | _apcc | ||
| 050 | 0 | 0 |
_aQ175.5 _b.V35 2007 |
| 082 | 0 | 0 |
_a501 _222 |
| 245 | 0 | 0 |
_aValue-free science? : _bideals and illusions / _cedited by Harold Kincaid, John Dupré, Alison Wylie. |
| 260 |
_aOxford ; _aNew York : _bOxford University Press, _c2007. |
||
| 300 |
_axiv, 241 p. ; _c22 cm. |
||
| 504 | _aIncludes bibliographical references and index. | ||
| 505 | 0 | 0 |
_gPt. I. Case studies. _tFact and value / _rJohn Dupré -- _tSocial problems / _rMichael Root -- _tComing to terms with the values of science : insights from the Feminist Science Studies Scholarship / _rAlison Wylie and Lynn Hankinson Nelson -- _tEvaluating scientist : examining the effects of sexism and nepotism / _rK. Brad Wray. _gPt. II. Evidence and values. _tEvidence and value freedom / _rElliott Sober -- _tRejecting the ideal of value-free science / _rHeather Douglas. _gPt. III. Values and general philosophy of science perspectives. _tIs logical empiricism committed to the ideal of value-free science? / _rJohn T. Roberts -- _tConstructive empiricism and the role of social values in science / _rSherrilyn Roush -- _tThe value ladenness of scientific knowledge / _rGerald Doppelt -- _tContextualist morals and science / _rHarold Kincaid |
| 650 | 0 |
_aScience _xSocial aspects. _99989 |
|
| 650 | 0 |
_aScience _xPhilosophy. |
|
| 650 | 0 | _aObjectivity. | |
| 700 | 1 |
_aKincaid, Harold, _d1952- _942057 |
|
| 700 | 1 |
_aDupré, John. _950498 |
|
| 700 | 1 |
_aWylie, Alison. _950499 |
|
| 856 | 4 | 2 |
_3Publisher description _uhttp://www.loc.gov/catdir/enhancements/fy0725/2006045302-d.html |
| 906 |
_a7 _bcbc _corignew _d1 _eocip _f20 _gy-gencatlg |
||
| 942 |
_2lcc _cMONOGRAPH |
||
| 999 |
_c130888 _d130888 |
||